[Event "Olomouc 2008 - Open"]
[Site "?"]
[Date "2008.08.04"]
[Round "6.14"]
[White "SOBAN, JAROSLAV."]
[Black "JANCARIK, JOEL."]
[Result "1/2-1/2"]
[WhiteElo "2151"]
[BlackElo "2024"]
[PlyCount "66"]
[EventDate "2008.07.31"]

1. e4 e5 2. Nc3 Nc6 3. Bc4 Nf6 4. d3 Bc5 5. Bg5 Na5 6. Qd2 Nxc4 7. dxc4 Bb4 8.
f3 d6 9. Nge2 h6 10. Be3 Be6 11. Qd3 Nd7 12. a3 Bc5 13. Bd2 a5 14. Na4 Rf8 15.
O-O-O f5 16. exf5 Bxf5 17. Qc3 Qf6 18. Nxc5 Nxc5 19. Be3 b6 20. Ng3 Bh7 21.
Rhf1 O-O-O 22. Bxc5 dxc5 23. Rxd8+ Rxd8 24. Re1 Rd4 25. b3 Qh4 26. Rh1 Qf4+ 27.
Kb1 Rd2 28. Rc1 Rxg2 29. Ne4 Bxe4 30. fxe4 Qxh2 31. Qd3 Rg1 32. Rd1 Rxd1+ 33.
Qxd1 Qg3 1/2-1/2

[Event "Olomouc 2008 - Open"]
[Site "?"]
[Date "2008.08.04"]
[Round "6.18"]
[White "NOVOSADOVA, KRISTYNA."]
[Black "ILANDZIS, SPYRIDON."]
[Result "0-1"]
[WhiteElo "2038"]
[BlackElo "2196"]
[PlyCount "58"]
[EventDate "2008.07.31"]

1. e4 c5 2. Nf3 d6 3. d4 cxd4 4. Nxd4 Nf6 5. Nc3 a6 6. Bg5 e6 7. f4 Qc7 8. Qf3
b5 9. Bd3 Nbd7 10. O-O-O Bb7 11. Rde1 Qb6 12. Nde2 b4 13. Nd1 Nc5 14. Nf2 b3
15. axb3 Nxd3+ 16. cxd3 d5 17. Bxf6 gxf6 18. d4 Bb4 19. Rd1 dxe4 20. Qe3 f5 21.
Kb1 Bd5 22. h4 a5 23. Rc1 Kd7 24. Nc3 Bxc3 25. Rxc3 a4 26. bxa4 Rhb8 27. Nd1
Rxa4 28. Rc2 Qa5 29. Kc1 Ra1# 0-1

[Event "Olomouc 2008 - Open"]
[Site "?"]
[Date "2008.08.04"]
[Round "6.23"]
[White "HLAVACEK, PAVEL."]
[Black "GALVANEK, LADISLAV."]
[Result "1-0"]
[WhiteElo "1889"]
[BlackElo "2127"]
[PlyCount "59"]
[EventDate "2008.07.31"]

1. e4 Nf6 2. e5 Nd5 3. d4 d6 4. Nf3 Bg4 5. Be2 e6 6. O-O Be7 7. h3 Bh5 8. c4
Nb6 9. exd6 cxd6 10. b3 O-O 11. Bb2 d5 12. c5 Bxf3 13. Bxf3 Nc8 14. b4 a6 15.
a4 b6 16. Qc2 Qc7 17. Nd2 Bf6 18. Nb3 Nd6 19. Be2 Ne4 20. Bd3 Nc6 21. Bxe4 dxe4
22. b5 Nb4 23. Qxe4 bxc5 24. dxc5 Bxb2 25. b6 Qc6 26. Qxb4 Bxa1 27. Rxa1 Rac8
28. Rc1 Rfd8 29. Na5 Qd5 30. b7 1-0

[Event "Olomouc 2008 - Open"]
[Site "?"]
[Date "2008.08.05"]
[Round "7.1"]
[White "KARLIK, VLADIMIR."]
[Black "MASLAK, KONSTANTIN."]
[Result "0-1"]
[WhiteElo "2301"]
[BlackElo "2521"]
[PlyCount "114"]
[EventDate "2008.07.31"]

1. d4 g6 2. e4 c5 3. Nf3 cxd4 4. Nxd4 Nf6 5. Nc3 d6 6. Nde2 a6 7. g3 b5 8. Bg2
Bb7 9. O-O Nc6 10. h3 Bg7 11. Be3 O-O 12. Nd5 Nd7 13. Rb1 e6 14. Ndc3 Nb6 15.
a3 Nc4 16. Bf4 N6e5 17. Qc1 Re8 18. b3 Nb6 19. Be3 Rc8 20. Bd4 Nf3+ 21. Bxf3
Bxd4 22. Nxd4 Rxc3 23. Bg2 Qc7 24. Rb2 Rc8 25. Qh6 Qc5 26. Nf3 Nd7 27. Qh4 Rxf3
28. Bxf3 Qc3 29. Rbb1 Qxf3 30. Rbe1 Qf6 31. Qxf6 Nxf6 32. f3 Kf8 33. Re2 Rc3
34. Kf2 Nd7 35. Rd1 Ke7 36. Rdd2 f5 37. Rd3 Rxd3 38. cxd3 Nc5 39. Rc2 Kd7 40.
Rc3 fxe4 41. d4 Nd3+ 42. Ke3 d5 43. fxe4 dxe4 44. Rc2 Bd5 45. b4 h6 46. g4 g5
47. Rh2 Ne1 48. Re2 Nf3 49. Rc2 Bc6 50. Rc1 Kd6 51. Rc2 e5 52. dxe5+ Nxe5 53.
Kd4 Nc4 54. a4 e3 55. axb5 axb5 56. Kd3 Ke5 57. Ra2 Bf3 0-1

[Event "Olomouc 2008 - Open"]
[Site "?"]
[Date "2008.08.05"]
[Round "7.2"]
[White "SIMACEK, PAVEL."]
[Black "VRANA, JAN."]
[Result "1-0"]
[WhiteElo "2470"]
[BlackElo "2234"]
[PlyCount "53"]
[EventDate "2008.07.31"]

1. e4 e5 2. d4 exd4 3. Qxd4 Nc6 4. Qe3 Nf6 5. Nc3 Bb4 6. Bd2 O-O 7. O-O-O Re8
8. Bc4 d6 9. Nf3 Be6 10. Bxe6 Rxe6 11. Ng5 Re8 12. f4 h6 13. h4 Kf8 14. a3 Ba5
15. Qd3 hxg5 16. hxg5 Bxc3 17. Bxc3 Nd7 18. Rh7 Ke7 19. Bxg7 Rg8 20. Qb3 Qe8
21. Qxb7 Rxg7 22. Rxg7 Qh8 23. Qxc6 Rd8 24. Rxf7+ Kxf7 25. Qxc7 Qf8 26. Rxd6
Ke7 27. f5 1-0

[Event "Olomouc 2008 - Open"]
[Site "?"]
[Date "2008.08.05"]
[Round "7.3"]
[White "KARASIK, EVGENY."]
[Black "POZIN, SERGEY."]
[Result "0-1"]
[WhiteElo "2270"]
[BlackElo "2436"]
[PlyCount "60"]
[EventDate "2008.07.31"]

1. d4 Nf6 2. Nc3 d5 3. Bg5 c5 4. Bxf6 gxf6 5. e4 dxe4 6. dxc5 Qa5 7. Qd5 Nc6 8.
Bb5 Bd7 9. O-O-O O-O-O 10. Qxe4 e6 11. Nf3 Bxc5 12. Nd2 Qc7 13. Qh4 f5 14. Ba4
a6 15. Rhe1 Rhg8 16. Qxh7 Rdf8 17. Qh5 Rxg2 18. h3 Bxf2 19. Qf3 Qg3 20. Re2 Rg8
21. Qxg3 R8xg3 22. Nf1 Rf3 23. Rdd2 b5 24. Nd1 Rg1 25. Nh2 Rxh3 26. Rxf2 bxa4
27. c3 Ne5 28. Kc2 Bc6 29. Kb1 Be4+ 30. Ka1 Nc4 0-1

[Event "Olomouc 2008 - Open"]
[Site "?"]
[Date "2008.08.05"]
[Round "7.4"]
[White "CERVENY, MARTIN."]
[Black "DVIRNYY, DANYYIL."]
[Result "0-1"]
[WhiteElo "2285"]
[BlackElo "2358"]
[PlyCount "90"]
[EventDate "2008.07.31"]

1. d4 g6 2. c4 Bg7 3. Nc3 Nf6 4. e4 d6 5. f3 e5 6. d5 Na6 7. Be3 Nh5 8. Qd2
Qh4+ 9. g3 Nxg3 10. Qf2 Nxf1 11. Qxh4 Nxe3 12. Qf2 Nxc4 13. b3 Nb6 14. h4 h5
15. Nge2 O-O 16. O-O-O Bd7 17. Rhg1 Kh7 18. Ng3 Bh6+ 19. Kb1 Nc5 20. Qc2 a5 21.
a4 Ra6 22. Rg2 Nc8 23. Rdg1 Rb6 24. Nb5 Ne7 25. Nxh5 gxh5 26. Rg5 Rg8 27. Rxg8
Nxg8 28. Ka2 Ne7 29. Nxc7 Rxb3 30. Nb5 Bxb5 31. axb5 Ng6 32. Qg2 Be3 33. Rb1
Rd3 34. Qh3 Ne7 35. Rb2 b6 36. Rc2 a4 37. Qf1 Rb3 38. Rc4 Rxb5 39. Rc3 Rb3 40.
Rxb3 axb3+ 41. Kb1 Bd4 42. Qb5 Ng6 43. Qxb6 Nxe4 44. Qb7 Nd2+ 45. Kc1 Bc3 0-1

[Event "Olomouc 2008 - Open"]
[Site "?"]
[Date "2008.08.05"]
[Round "7.7"]
[White "NAVRATIL-SEN., JIRI."]
[Black "ZAVURKA, ROMAN."]
[Result "0-1"]
[WhiteElo "2176"]
[BlackElo "2157"]
[PlyCount "42"]
[EventDate "2008.07.31"]

1. d4 b6 2. e4 Bb7 3. Bd3 Nf6 4. Qe2 Nc6 5. c3 e5 6. d5 Ne7 7. Bg5 Ng6 8. Nd2
Be7 9. Nh3 Nxd5 10. exd5 Bxg5 11. Bxg6 hxg6 12. Qxe5+ Qe7 13. Qxe7+ Bxe7 14. c4
c6 15. dxc6 Bxc6 16. f3 O-O-O 17. O-O-O d5 18. Nf4 dxc4 19. Nxc4 Bg5 20. Rxd8+
Rxd8 21. g3 Bxf4+ 0-1

[Event "Olomouc 2008 - Open"]
[Site "?"]
[Date "2008.08.05"]
[Round "7.15"]
[White "JANCARIK, JOEL."]
[Black "RYMSKYY, ALEKSANDER."]
[Result "1-0"]
[WhiteElo "2024"]
[BlackElo "2151"]
[PlyCount "79"]
[EventDate "2008.07.31"]

1. e4 c5 2. Nc3 Nc6 3. f4 g6 4. Nf3 Bg7 5. Bb5 Nd4 6. a4 e6 7. O-O Ne7 8. e5 a6
9. Bc4 d5 10. exd6 Qxd6 11. d3 O-O 12. Ne4 Qc7 13. c3 Ndf5 14. Qe1 Bd7 15. Ne5
b6 16. Ng4 h5 17. Ngf6+ Kh8 18. Rf3 Bc6 19. Rh3 Nd5 20. Nxh5 gxh5 21. Rxh5+ Kg8
22. Ng5 Rfe8 23. g4 Nxf4 24. gxf5 Nxh5 25. fxe6 fxe6 26. Bxe6+ Kh8 27. Qh4 Bf3
28. Nxf3 Rxe6 29. Qxh5+ Kg8 30. Qf5 Rae8 31. Bf4 Qc6 32. Ng5 Rf6 33. Qh7+ Kf8
34. Rf1 Re2 35. Ne4 Rg6+ 36. Bg5+ Ke8 37. Qg8+ Kd7 38. Qd8+ Ke6 39. Qe7+ Kd5
40. Rf5+ 1-0

[Event "Olomouc 2008 - Open"]
[Site "?"]
[Date "2008.08.05"]
[Round "7.16"]
[White "RICCA, GIORGIO."]
[Black "SOBAN, JAROSLAV."]
[Result "0-1"]
[WhiteElo "2065"]
[BlackElo "2151"]
[PlyCount "76"]
[EventDate "2008.07.31"]

1. e4 Nf6 2. Nc3 d5 3. exd5 Nxd5 4. Bc4 e6 5. Qf3 Nb4 6. Bb3 N8c6 7. Nge2 Na5
8. O-O Nxb3 9. cxb3 Qd3 10. Qg4 e5 11. Qc4 c6 12. f4 Be6 13. Qxd3 Nxd3 14. fxe5
O-O-O 15. Ne4 Be7 16. Nd6+ Kc7 17. Nf4 Nxe5 18. Nxe6+ fxe6 19. d4 Bxd6 20. dxe5
Bxe5 21. Bf4 Bxf4 22. Rxf4 Rhf8 23. Raf1 Rxf4 24. Rxf4 Rd5 25. h3 Rf5 26. Rd4
Rf7 27. Rd2 e5 28. Kh2 Rd7 29. Re2 Kd6 30. Kg3 Rf7 31. Rd2+ Ke6 32. Rd8 e4 33.
Kg4 Ke5 34. Rh8 Kd4 35. Rxh7 e3 36. Rh8 e2 37. Rd8+ Ke3 38. Re8+ Kf2 0-1

[Event "Olomouc 2008 - Open"]
[Site "?"]
[Date "2008.08.05"]
[Round "7.17"]
[White "KILPELA, PANU."]
[Black "FIALA, JIRI."]
[Result "1/2-1/2"]
[WhiteElo "2129"]
[BlackElo "2043"]
[PlyCount "70"]
[EventDate "2008.07.31"]

1. e4 c5 2. Nf3 e6 3. c3 d5 4. e5 Nc6 5. d4 cxd4 6. cxd4 Nge7 7. a3 Qb6 8. b4
Bd7 9. Bb2 a6 10. Bd3 Ng6 11. h4 Nf4 12. Bf1 Ng6 13. h5 Nge7 14. Bd3 Nf5 15.
Bxf5 exf5 16. Nc3 Be6 17. Qd3 Qd8 18. Na4 b5 19. Nc5 Bxc5 20. dxc5 h6 21. Qd2
O-O 22. Qf4 a5 23. Rb1 axb4 24. axb4 Ra4 25. Bc3 Ra3 26. Bd2 Ra2 27. Rh3 Kh7
28. Nd4 Nxd4 29. Qxd4 Rc2 30. Bc3 Ra2 31. Qd3 Qd7 32. Re3 Kh8 33. Re2 Rfa8 34.
Rxa2 Rxa2 35. Ra1 Rxa1+ 1/2-1/2

[Event "Olomouc 2008 - Open"]
[Site "?"]
[Date "2008.08.05"]
[Round "7.26"]
[White "PESCE, GABRIELE."]
[Black "NYTRA, MATEJ JAN."]
[Result "1-0"]
[WhiteElo "2102"]
[BlackElo "1793"]
[PlyCount "73"]
[EventDate "2008.07.31"]

1. e4 c5 2. Nc3 Nc6 3. f4 d6 4. Nf3 g6 5. Bc4 e6 6. d3 Bg7 7. O-O Nge7 8. f5
gxf5 9. Bf4 a6 10. a4 O-O 11. Qd2 fxe4 12. dxe4 Nd4 13. Bh6 Nxf3+ 14. Rxf3 Ng6
15. Bxg7 Kxg7 16. Rh3 Rh8 17. Qh6+ Kg8 18. Rd1 Qf8 19. Qh5 d5 20. exd5 exd5 21.
Bxd5 Bxh3 22. Rf1 Bd7 23. Ne4 Qe7 24. Rxf7 Qxf7 25. Bxf7+ Kxf7 26. Qd5+ Ke7 27.
Qd6+ Kd8 28. Nf6 Nf8 29. Nd5 Rg8 30. Qe7+ Kc8 31. Qd6 Kd8 32. a5 c4 33. Qe7+
Kc8 34. Nb6+ Kc7 35. Nxa8+ Kc6 36. Qe4+ Kb5 37. Qd5+ 1-0

[Event "Olomouc 2008 - Open"]
[Site "?"]
[Date "2008.08.05"]
[Round "7.38"]
[White "TRUNDA, OTAKAR."]
[Black "MATHON, DIMITRIJ."]
[Result "1-0"]
[WhiteElo "1951"]
[BlackElo "1810"]
[PlyCount "57"]
[EventDate "2008.07.31"]

1. e4 e5 2. d4 exd4 3. Nf3 d6 4. Nxd4 Nc6 5. Be3 Be7 6. Nc3 Nf6 7. Bc4 O-O 8.
f3 Ne5 9. Bb3 c5 10. Nf5 Bxf5 11. exf5 c4 12. Ba4 a6 13. g4 b5 14. g5 Ne8 15.
f4 bxa4 16. Rg1 Nd7 17. Bd4 Bf6 18. gxf6 Nexf6 19. Qf3 Re8+ 20. Kd2 Nc5 21.
Rae1 Rxe1 22. Rxe1 Rb8 23. Nd5 Nxd5 24. Qxd5 a3 25. Rg1 Qa5+ 26. Kd1 Ne6 27.
Qxa5 axb2 28. Bxb2 Rxb2 29. fxe6 1-0

[Event "Olomouc 2008 - Open"]
[Site "?"]
[Date "2008.08.05"]
[Round "7.41"]
[White "LO DICO, ANGELA."]
[Black "LANG, ANDERS."]
[Result "1-0"]
[WhiteElo "1672"]
[BlackElo "1920"]
[PlyCount "79"]
[EventDate "2008.07.31"]

1. f4 d6 2. Nf3 Bg4 3. e3 e5 4. fxe5 dxe5 5. Nc3 Bb4 6. Be2 Bxc3 7. bxc3 Nc6 8.
O-O Qd7 9. Rb1 b6 10. d3 Nf6 11. Ba3 O-O-O 12. h3 h5 13. Ng5 Be6 14. c4 Ne7 15.
Qd2 Bxc4 16. Qb4 Ned5 17. Qxc4 Nxe3 18. Qa6+ Kb8 19. Rf2 Rhe8 20. Bc5 Nfd5 21.
a4 Nc3 22. Rb4 Nxe2+ 23. Rxe2 Nd5 24. Rb3 f6 25. Nf3 Qc6 26. Bf2 Nc3 27. Re1 g5
28. a5 Rd7 29. axb6 cxb6 30. Bxb6 Nb5 31. Rxb5 Ka8 32. c4 Rb7 33. Ra1 Ree7 34.
Qa5 Red7 35. Qb4 Rd6 36. Bc5 Rdd7 37. Rxa7+ Kb8 38. Raxb7+ Rxb7 39. Rxb7+ Qxb7
40. Qxb7+ 1-0

[Event "Olomouc 2008 - Open"]
[Site "?"]
[Date "2008.08.06"]
[Round "8.2"]
[White "POZIN, SERGEY."]
[Black "SIMACEK, PAVEL."]
[Result "1-0"]
[WhiteElo "2436"]
[BlackElo "2470"]
[PlyCount "59"]
[EventDate "2008.07.31"]

1. d4 d5 2. Nf3 Nf6 3. c4 dxc4 4. Nc3 e6 5. e3 c5 6. Bxc4 a6 7. a3 b5 8. Ba2
Bb7 9. O-O cxd4 10. exd4 Be7 11. Re1 O-O 12. Bg5 Nc6 13. Qd3 Nd5 14. Bb1 g6 15.
Bh6 Re8 16. Nxd5 Qxd5 17. Ba2 Qd6 18. Qe3 Rad8 19. Rad1 Na5 20. d5 Nc4 21. dxe6
Qxe6 22. Rxd8 Rxd8 23. Qc1 Qg4 24. h3 Qd7 25. Qc3 Bf8 26. Bxf8 Rxf8 27. Bxc4
Bxf3 28. Bb3 Bb7 29. Qf6 Re8 30. Qxf7+ 1-0

[Event "Olomouc 2008 - Open"]
[Site "?"]
[Date "2008.08.06"]
[Round "8.3"]
[White "CAGASIK, TOMAS."]
[Black "FAERMAN, IGOR."]
[Result "1/2-1/2"]
[WhiteElo "2253"]
[BlackElo "2245"]
[PlyCount "45"]
[EventDate "2008.07.31"]

1. c4 Nf6 2. Nc3 c5 3. Nf3 e6 4. g3 b6 5. Bg2 Bb7 6. O-O Be7 7. b3 O-O 8. Bb2
d5 9. Ne5 Nbd7 10. cxd5 exd5 11. Nxd7 Qxd7 12. d4 cxd4 13. Qxd4 Bc5 14. Qh4 d4
15. Ne4 Nxe4 16. Bxe4 Bxe4 17. Qxe4 Rfe8 18. Qd3 Qe6 19. Bxd4 Bxd4 20. Qxd4
Qxe2 21. Rfd1 h6 22. Rd2 Qf3 23. Qd5 1/2-1/2

[Event "Olomouc 2008 - Open"]
[Site "?"]
[Date "2008.08.06"]
[Round "8.4"]
[White "ZAVURKA, ROMAN."]
[Black "KARLIK, VLADIMIR."]
[Result "0-1"]
[WhiteElo "2157"]
[BlackElo "2301"]
[PlyCount "62"]
[EventDate "2008.07.31"]

1. d4 g6 2. Nf3 Bg7 3. Bf4 d6 4. e3 Nd7 5. Nc3 e5 6. dxe5 dxe5 7. Bg3 Ne7 8.
Bc4 Nf5 9. e4 Nxg3 10. hxg3 O-O 11. Qd2 Nb6 12. Qxd8 Rxd8 13. Bb3 h6 14. Nd1
Nd7 15. Ne3 Nc5 16. Nd5 Nxe4 17. Nxc7 Rb8 18. Nd5 Nc5 19. Ne7+ Kf8 20. Nxc8
Rbxc8 21. Rd1 e4 22. Nd2 Bxb2 23. Rxh6 Kg7 24. Rh4 f5 25. Nc4 Bc3+ 26. Ke2 Rxd1
27. Kxd1 Rd8+ 28. Kc1 Be1 29. g4 Bxf2 30. Rh1 e3 31. Ne5 e2 0-1

[Event "Olomouc 2008 - Open"]
[Site "?"]
[Date "2008.08.06"]
[Round "8.5"]
[White "CERVENY, MARTIN."]
[Black "KONSTACKY, MATEJ."]
[Result "1-0"]
[WhiteElo "2285"]
[BlackElo "2127"]
[PlyCount "97"]
[EventDate "2008.07.31"]

1. d4 g6 2. c4 d6 3. Nc3 Bg7 4. e4 c6 5. Be3 Nd7 6. Nf3 e5 7. Be2 Ne7 8. dxe5
dxe5 9. Qd6 O-O 10. O-O Re8 11. Rfd1 Bf8 12. Qd2 Qc7 13. c5 b5 14. b4 a5 15. a3
axb4 16. axb4 Rxa1 17. Rxa1 Nf6 18. Rd1 Ng4 19. Bg5 f6 20. Qa2+ Kg7 21. Bd2 Ng8
22. h3 Be6 23. Qa6 N4h6 24. Be3 Nf7 25. g4 Ne7 26. Nxb5 Qb8 27. Nd6 Rd8 28.
Nxf7 Rxd1+ 29. Bxd1 Bxf7 30. Qa3 Qd8 31. Be2 Qc8 32. Nd2 h5 33. f3 hxg4 34.
hxg4 f5 35. Qc3 Qc7 36. Bf4 Kg8 37. Bxe5 Qd7 38. Nc4 fxe4 39. fxe4 Bh6 40. Qd4
Qe6 41. Qd8+ Bf8 42. Qd6 Kh7 43. Qxe6 Bxe6 44. Na5 Bd7 45. Bd6 Kh6 46. Bf3 Kg5
47. e5 Bxg4 48. Bxg4 Kxg4 49. Bxe7 1-0

[Event "Olomouc 2008 - Open"]
[Site "?"]
[Date "2008.08.06"]
[Round "8.6"]
[White "SOBAN, JAROSLAV."]
[Black "KARASIK, EVGENY."]
[Result "1/2-1/2"]
[WhiteElo "2151"]
[BlackElo "2270"]
[PlyCount "65"]
[EventDate "2008.07.31"]

1. e4 c5 2. f4 g6 3. Nf3 Bg7 4. Nc3 a6 5. a4 Nc6 6. Bc4 e6 7. O-O Nge7 8. Qe1
Nb4 9. Qd1 d5 10. Be2 d4 11. Nb1 d3 12. Bxd3 Nxd3 13. cxd3 Qxd3 14. Re1 O-O 15.
Re3 Qd6 16. e5 Qc6 17. d4 Rd8 18. Rc3 b6 19. Qc2 Nd5 20. Rc4 a5 21. Qf2 Ba6 22.
Rc2 Nb4 23. Rc3 Qd7 24. Be3 Nd5 25. dxc5 Nxc3 26. Nxc3 bxc5 27. Bxc5 Bb7 28.
Bb6 Rdc8 29. Rd1 Qe7 30. Rd6 Rc4 31. Nd4 Rb8 32. Ndb5 Bc6 33. b3 1/2-1/2

[Event "Olomouc 2008 - Open"]
[Site "?"]
[Date "2008.08.06"]
[Round "8.7"]
[White "VRANA, JAN."]
[Black "MATOUSEK, PETR."]
[Result "1/2-1/2"]
[WhiteElo "2234"]
[BlackElo "2126"]
[PlyCount "66"]
[EventDate "2008.07.31"]

1. e4 e6 2. d4 d5 3. Nd2 dxe4 4. Nxe4 Bd7 5. Nf3 Bc6 6. Bd3 Nd7 7. O-O Ngf6 8.
Ng3 Bd6 9. c4 O-O 10. Bd2 Bxg3 11. hxg3 Be4 12. Be2 c5 13. Bc3 Qc7 14. dxc5
Rfd8 15. b4 Nxc5 16. Nd2 Na6 17. Qb3 Bd3 18. Rfe1 Bxe2 19. Rxe2 Ne8 20. Rc1 Qd7
21. Nf3 f6 22. c5 Nec7 23. Nd4 Re8 24. Bb2 Nd5 25. b5 Nac7 26. a4 e5 27. c6
bxc6 28. bxc6 Qg4 29. f3 Qxg3 30. Nb5 Kh8 31. Rd2 e4 32. Nxc7 exf3 33. Qxd5
Re1+ 1/2-1/2

[Event "Olomouc 2008 - Open"]
[Site "?"]
[Date "2008.08.06"]
[Round "8.8"]
[White "SALAMA, OMAR."]
[Black "JANCARIK, JOEL."]
[Result "1-0"]
[WhiteElo "2212"]
[BlackElo "2024"]
[PlyCount "87"]
[EventDate "2008.07.31"]

1. d4 Nf6 2. c4 e6 3. Nf3 c5 4. g3 b6 5. Bg2 Bb7 6. O-O g6 7. Nc3 d6 8. Qd3 Bg7
9. dxc5 bxc5 10. Rd1 O-O 11. Qxd6 Qxd6 12. Rxd6 Ne4 13. Nxe4 Bxe4 14. Ne1 Bxg2
15. Kxg2 Be5 16. Rd1 Na6 17. Nd3 Bg7 18. Be3 Rfc8 19. Rab1 Rab8 20. b3 Bf8 21.
Ne5 Rb7 22. Rd2 Nb4 23. Rbd1 Kg7 24. Nd3 a5 25. Nc1 Be7 26. Rd7 Rcc7 27. Rxc7
Rxc7 28. Bf4 Ra7 29. Bb8 Rb7 30. Be5+ Kf8 31. Bc3 Ke8 32. Rd2 Bg5 33. f4 Be7
34. Nd3 Ra7 35. Ne5 Rc7 36. a3 Nc6 37. Nxc6 Rxc6 38. Bxa5 Ra6 39. b4 f5 40. Kf3
h5 41. Ke3 Ra8 42. Kd3 Bf6 43. Kc2 Ke7 44. e3 1-0

[Event "Olomouc 2008 - Open"]
[Site "?"]
[Date "2008.08.06"]
[Round "8.9"]
[White "MACICEK, JAKUB."]
[Black "GURKIN, ANTON."]
[Result "1-0"]
[WhiteElo "2121"]
[BlackElo "2158"]
[PlyCount "113"]
[EventDate "2008.07.31"]

1. e4 c5 2. b3 Nc6 3. Bb2 Nf6 4. e5 Nd5 5. Nf3 d6 6. exd6 Qxd6 7. d4 cxd4 8.
Nxd4 e5 9. Nb5 Qb4+ 10. c3 Qe4+ 11. Be2 Nf4 12. Nc7+ Ke7 13. Nxa8 Nxg2+ 14. Kd2
Bf5 15. Kc1 Kf6 16. Nd2 Qh4 17. Nc7 Nf4 18. Bc4 g6 19. Nd5+ Nxd5 20. Bxd5 Bh6
21. Qf3 Rd8 22. Rd1 Bf4 23. h3 Rc8 24. Bxc6 Rxc6 25. c4 Rd6 26. Qe2 Ke6 27. Bc3
Rd3 28. Kb2 Qxh3 29. f3 Re3 30. Qf2 Qh6 31. Nf1 Rd3 32. Rxd3 Bxd3 33. Rd1 Bf5
34. Qxa7 Kf6 35. Qxb7 Qh1 36. Qd5 Qg2+ 37. Ka3 Qc2 38. Bb2 h5 39. Re1 Kg5 40.
c5 Be6 41. Qd6 Qf2 42. Bxe5 Qxe1 43. Bxf4+ Kf6 44. Qd4+ Ke7 45. Bd6+ Ke8 46.
Qa4+ Kd8 47. Qa8+ Bc8 48. Qe4 Qc1+ 49. Kb4 Qg5 50. Ne3 f5 51. Qd4 Bd7 52. c6 f4
53. Nd5 Qf5 54. Qh8+ Be8 55. c7+ Kd7 56. c8=Q+ Kxc8 57. Ne7+ 1-0

[Event "Olomouc 2008 - Open"]
[Site "?"]
[Date "2008.08.06"]
[Round "8.10"]
[White "ZAKHARCHENKO, ARNOLD."]
[Black "ZBORIL, TOMAS."]
[Result "1-0"]
[WhiteElo "2271"]
[BlackElo "2109"]
[PlyCount "105"]
[EventDate "2008.07.31"]

1. d4 Nf6 2. c4 c5 3. d5 e6 4. Nc3 exd5 5. cxd5 d6 6. e4 g6 7. Bd3 Bg7 8. h3
O-O 9. Nf3 b5 10. Bxb5 Nxe4 11. Nxe4 Qa5+ 12. Nfd2 Qxb5 13. Nxd6 Qa6 14. N2c4
Nd7 15. O-O Nb6 16. Nxb6 Qxb6 17. Nxc8 Raxc8 18. Rb1 Rfd8 19. Qd3 Qb7 20. Rd1
Bd4 21. Be3 a5 22. Bxd4 Qxd5 23. Rbc1 cxd4 24. Rxc8 Rxc8 25. Qxd4 Qxd4 26. Rxd4
Rc1+ 27. Kh2 Rc2 28. Kg3 Rxb2 29. Ra4 Rb5 30. Kf3 Kf8 31. Ke3 Ke7 32. h4 h5 33.
f3 Ke6 34. g4 f6 35. Re4+ Kd6 36. a4 Rb1 37. gxh5 gxh5 38. Kf4 Rb3 39. Rd4+ Ke6
40. Ke4 Rb1 41. Rc4 Rh1 42. Rc6+ Ke7 43. Ra6 Rxh4+ 44. f4 Rh1 45. Rxa5 Rc1 46.
Kf5 Rc7 47. Ra6 Rc5+ 48. Kg6 Rc4 49. Ra7+ Kd6 50. f5 Ke5 51. Ra5+ Kf4 52. Kxh5
Rc6 53. Kg6 1-0

[Event "Olomouc 2008 - Open"]
[Site "Olomouc (CZE), Hotel Sigma"]
[Date "2008.08.07"]
[Round "9.1"]
[White "MASLAK, KONSTANTIN."]
[Black "POZIN, SERGEY."]
[Result "1-0"]
[WhiteElo "2521"]
[BlackElo "2436"]
[PlyCount "117"]
[EventDate "2008.07.31"]

1. e4 c5 2. c3 d6 3. d4 Nf6 4. Bd3 Nc6 5. Nf3 e5 6. dxe5 dxe5 7. O-O Be7 8. Qe2
O-O 9. a4 h6 10. Na3 Qc7 11. h3 a6 12. Nh4 Rd8 13. Nf5 Bxf5 14. exf5 e4 15.
Bxe4 Nxe4 16. Qxe4 Qe5 17. Qf3 Na5 18. Bf4 Qxf5 19. Bc7 Qxf3 20. gxf3 Nb3 21.
Bxd8 Rxd8 22. Rae1 Bg5 23. Kg2 Nd2 24. Rh1 Rd6 25. h4 Bf4 26. h5 Rb6 27. Re8+
Kh7 28. Rf8 Rf6 29. Rh3 g5 30. Nc2 Kg7 31. Rd8 Rb6 32. b4 Rc6 33. Ne3 Bxe3 34.
fxe3 Nc4 35. f4 g4 36. Rg3 Kf6 37. Kf2 Kf5 38. Rd5+ Ke4 39. Rxc5 Rxc5 40. bxc5
f5 41. Rg1 Nb2 42. Rb1 Nd3+ 43. Ke2 Nxc5 44. Rb4+ Kd5 45. a5 Ne4 46. c4+ Kc5
47. Rxb7 Kxc4 48. Rb6 Nc3+ 49. Kf2 Ne4+ 50. Kg2 Kd3 51. Rxa6 Kxe3 52. Rb6 Kxf4
53. a6 Ke3 54. a7 f4 55. Rb3+ Ke2 56. Rb2+ Ke3 57. a8=Q f3+ 58. Kf1 g3 59. Rb3+
1-0

[Event "Olomouc 2008 - Open"]
[Site "Olomouc (CZE), Hotel Sigma"]
[Date "2008.08.07"]
[Round "9.2"]
[White "DVIRNYY, DANYYIL."]
[Black "CAGASIK, TOMAS."]
[Result "1/2-1/2"]
[WhiteElo "2358"]
[BlackElo "2253"]
[PlyCount "31"]
[EventDate "2008.07.31"]

1. e4 c5 2. Nf3 Nc6 3. d4 cxd4 4. Nxd4 Nf6 5. Nc3 d6 6. Bc4 e6 7. Be3 Be7 8.
Qe2 a6 9. O-O-O Qc7 10. Bb3 Na5 11. g4 Nxb3+ 12. axb3 b5 13. g5 Nd7 14. f4 b4
15. Na4 Bb7 16. Qd3 1/2-1/2

[Event "Olomouc 2008 - Open"]
[Site "Olomouc (CZE), Hotel Sigma"]
[Date "2008.08.07"]
[Round "9.4"]
[White "KARLIK, VLADIMIR."]
[Black "MACICEK, JAKUB."]
[Result "1/2-1/2"]
[WhiteElo "2301"]
[BlackElo "2121"]
[PlyCount "110"]
[EventDate "2008.07.31"]

1. d4 Nf6 2. Nf3 e6 3. Bf4 c5 4. e3 b6 5. Nbd2 cxd4 6. exd4 Be7 7. Bd3 Bb7 8.
O-O O-O 9. h3 d6 10. Re1 Nbd7 11. c3 Re8 12. Bh2 a6 13. Qc2 Ra7 14. Ng5 g6 15.
Ndf3 Nf8 16. Qd2 h6 17. Ne4 Nxe4 18. Bxe4 Bxe4 19. Rxe4 Kg7 20. Rae1 Nd7 21.
Bf4 Rh8 22. R4e2 d5 23. Qd3 b5 24. b3 Bf6 25. Re3 Qa5 26. R1e2 Rc8 27. Nh2 Qd8
28. Nf3 Rb7 29. g4 Rb6 30. Qd2 g5 31. Bg3 Be7 32. Ne5 Bd6 33. f4 gxf4 34. Bxf4
Nxe5 35. Bxe5+ Bxe5 36. dxe5 Rbc6 37. Rf3 Qg5 38. Qd4 Qc1+ 39. Rf1 Qxc3 40. Qf4
R6c7 41. g5 Kh7 42. Qh4 Qc5+ 43. Kh1 Qf8 44. Rf6 Rc1+ 45. Kg2 Qg7 46. Rxh6+ Kg8
47. Rf6 R1c2 48. Rxc2 Rxc2+ 49. Kf1 Rc1+ 50. Kf2 Rc2+ 51. Kf3 Rc1 52. g6 Rf1+
53. Ke3 Rxf6 54. exf6 Qxg6 55. Kd2 Qg2+ 1/2-1/2

[Event "Olomouc 2008 - Open"]
[Site "Olomouc (CZE), Hotel Sigma"]
[Date "2008.08.07"]
[Round "9.6"]
[White "SOBAN, JAROSLAV."]
[Black "ZAKHARCHENKO, ARNOLD."]
[Result "0-1"]
[WhiteElo "2151"]
[BlackElo "2271"]
[PlyCount "80"]
[EventDate "2008.07.31"]

1. e4 g6 2. d4 Bg7 3. Nc3 c6 4. Nf3 d5 5. h3 Nf6 6. Bd3 dxe4 7. Nxe4 Nxe4 8.
Bxe4 Nd7 9. c4 Nf6 10. Bc2 Bf5 11. Bxf5 Qa5+ 12. Bd2 Qxf5 13. O-O O-O 14. Re1
Rfe8 15. Qb1 Rad8 16. Bc3 Qc8 17. Qc2 e6 18. Rad1 Qc7 19. Ne5 Nd7 20. Nf3 b5
21. b3 Rc8 22. Qd2 Qb7 23. Ba1 Nb6 24. Rc1 Red8 25. Qe2 bxc4 26. bxc4 Qc7 27.
Qe4 c5 28. Ne5 Bxe5 29. dxe5 Rd2 30. Re2 Qd7 31. Bc3 Rxe2 32. Qxe2 Rd8 33. Ba5
Qa4 34. Bxb6 axb6 35. Qc2 Qa5 36. Rd1 Rd4 37. Rb1 Rd2 38. Qb3 Rxa2 39. Rb2 Qe1+
40. Kh2 Qxe5+ 0-1

[Event "Olomouc 2008 - Open"]
[Site "Olomouc (CZE), Hotel Sigma"]
[Date "2008.08.07"]
[Round "9.7"]
[White "KARASIK, EVGENY."]
[Black "FAELLMAN, MICAEL."]
[Result "1-0"]
[WhiteElo "2270"]
[BlackElo "2091"]
[PlyCount "85"]
[EventDate "2008.07.31"]

1. e4 c5 2. Nf3 d6 3. d4 cxd4 4. Nxd4 Nf6 5. Nc3 a6 6. Bc4 e6 7. Bb3 Be7 8. f4
Qa5 9. O-O O-O 10. f5 e5 11. Nde2 b5 12. Nd5 Nxd5 13. Bxd5 Qb6+ 14. Kh1 Bb7 15.
Nc3 Nd7 16. Qe2 Nf6 17. Be3 Qc7 18. Rad1 Rac8 19. Bxb7 Qxb7 20. Bg5 b4 21. Bxf6
bxc3 22. Bxe7 Qxe7 23. b3 Rc6 24. Rd5 Qf6 25. Rfd1 h6 26. Qd3 Rd8 27. a4 Qe7
28. Ra5 Re8 29. Rf1 Qc7 30. Rd5 f6 31. Rd1 Rd8 32. h3 Qb6 33. Kh2 Kh8 34. Qf3
Qb4 35. R5d3 Rdc8 36. Qg4 Qb8 37. Rg3 Qc7 38. Qh5 Rd8 39. Rdd3 Rc5 40. Rg6 d5
41. Rxh6+ gxh6 42. Qxh6+ Qh7 43. Qxf6+ 1-0